All Country Flags of the World - Excluding Africa + Oceania - Statistics

General Stats
  • This quiz has been taken 220 times
  • The average score is 84 of 129
Answer Stats
Picture Answer % Correct
United States
100%
Canada
99%
United Kingdom
99%
Russia
98%
France
97%
Ireland
97%
Italy
97%
Netherlands
95%
Japan
90%
South Korea
90%
Brazil
88%
Sweden
88%
Finland
87%
Greece
87%
Norway
87%
Bulgaria
86%
Iceland
86%
China
85%
Denmark
85%
Georgia
84%
Hungary
84%
Bangladesh
83%
Vietnam
83%
Belgium
81%
Israel
81%
Switzerland
81%
Albania
79%
Germany
79%
India
79%
Malta
79%
Spain
79%
Turkey
79%
Mexico
78%
Poland
78%
Saudi Arabia
78%
Cyprus
77%
Jamaica
77%
Nepal
77%
Pakistan
75%
Lebanon
74%
Vatican City
74%
Argentina
72%
Austria
72%
Kosovo
71%
Malaysia
71%
North Korea
71%
Bhutan
70%
Dominican Republic
70%
North Macedonia
70%
Egypt
69%
Indonesia
69%
Monaco
68%
Iran
67%
Uruguay
67%
San Marino
66%
Singapore
66%
Azerbaijan
65%
Cuba
65%
Philippines
65%
Croatia
64%
Kazakhstan
64%
Uzbekistan
64%
Bosnia & Herzegovina
63%
Czech Republic
63%
Iraq
63%
Peru
63%
United Arab Emirates
63%
Chile
62%
Myanmar
62%
Barbados
61%
Luxembourg
61%
Serbia
61%
Jordan
60%
Panama
60%
Slovakia
60%
Venezuela
60%
Cambodia
59%
Estonia
59%
Oman
59%
Portugal
59%
Slovenia
59%
Turkmenistan
59%
Ukraine
59%
Maldives
58%
Taiwan
58%
Thailand
58%
Colombia
57%
Qatar
57%
Syria
57%
Romania
56%
Yemen
56%
Kuwait
55%
Belarus
54%
Liechtenstein
54%
Brunei
52%
Laos
52%
Sri Lanka
52%
Lithuania
51%
Tajikistan
51%
Moldova
49%
Mongolia
49%
Nicaragua
49%
Bahrain
48%
Haiti
48%
Honduras
48%
Latvia
48%
Montenegro
48%
Andorra
47%
Antigua and Barbuda
46%
Bahamas
46%
East Timor
46%
Trinidad & Tobago
46%
Armenia
45%
Belize
45%
Ecuador
45%
Guyana
45%
Paraguay
45%
Afghanistan
44%
El Salvador
44%
Kyrgyzstan
44%
Guatemala
43%
Costa Rica
42%
Dominica
42%
St. Kitts & Nevis
42%
St. Lucia
41%
Grenada
38%
St. Vincent and the Grenadines
38%
Suriname
37%
Bolivia
34%
No matching quizzes found
Score Distribution
Percent of People with Each Score
Percentile by Number Answered
Your Score History
You have not taken this quiz